000 00826cab a2200253 4500
001 WB2942-17
008 090401t1993 xxu||||| |||| 00| 0 eng d
035 _a(Sirsi) u67590
041 _aeng
245 _aLDDC proposes more Docklands development
260 _c1993
350 _a0
490 _aArchitects` Journal
_v198(18) 10 November 1993, 7(1)
520 _aNew schemes for London Docklands include a residential development, Urban Village on the south side of the Royal Victoria Dock and an energy project at Royal Docks.
650 _aENERGY CONSERVATION
650 _aJUBILEE LINE EXTENSION
650 _aLONDON DOCKLANDS
650 _aROYAL DOCKS ENERGY PROJECT
650 _aROYAL DOCKS
650 _aURBAN VILLAGE
690 _aPROPERTY-PROPERTY DEVELOPMENT
942 _n0
948 _c04/03/1997
999 _c42296
_d42296